Statistics for That long place name in Wales

Click here to take the quiz!

General Stats

  • This quiz has been taken 13 times
  • The average score is 36 of 58

Answer Stats

Answer% Correct
A
100%
L
100%
L
100%
A
92%
F
92%
G
92%
I
92%
L
92%
N
92%
P
92%
R
92%
W
92%
W
92%
L
83%
N
75%
Y
75%
G
67%
G
67%
L
67%
L
67%
C
58%
C
58%
E
58%
G
58%
G
58%
G
58%
H
58%
H
58%
O
58%
O
58%
O
58%
R
58%
W
58%
Y
58%
Y
58%
Y
58%
D
50%
G
50%
N
50%
O
50%
O
50%
O
50%
R
50%
R
50%
A
42%
B
42%
I
42%
I
42%
L
42%
L
42%
L
42%
L
42%
L
42%
N
42%
S
42%
T
42%
W
42%
Y
42%

Score Distribution

Percentile by Number Answered

Percent of People with Each Score

Your Score History

You have not taken this quiz